000 00790nam a22002537a 4500
999 _c370966
_d370966
001 84647
003 UA-OsUOA
005 20200221103409.0
007 ta
008 20120607b un ||||| |||| 00| 0 ukr d
040 _aUA-OsUOA
_bukr
_cUA-OsUOA
_dUA-OsUOA
041 _aukr
080 _a821.161.2:09
090 _a821.161.2:09
_bФ53
100 _aФилипчак І.
245 _aКнягиня Романова
_bісторична повість з початку ХІІІ віку
260 _aКоломия
_c1927
300 _a245 с.
650 7 _a09 Рукописи. Раритети і рідкісні видання
_2UDC
650 7 _a82 Література. Літературознавство
700 _aЗубенко І.
942 _cRB
_2udc
955 _a3